Tekelleşme ve sendikacılık (Record no. 10453)

MARC details
000 -BAŞLIK
Sabit Uzunlukta Kontrol Alanı 00642na a2200217 4500
001 - KONTROL NUMARASI
Denetim Alanı 23552
003 - KONTROL NUMARASI IDENTIFIER
Denetim Alanı MIRAKIL
005 - SON İŞLEM TARİHİ VE ZAMANI
Denetim Alanı 20181213155322.0
008 - SABİT-BOY VERİ ELEMANLARI - GENEL BİLGİLER
Sabit Uzunlukta Kontrol Alanı 180110b tu 000 0
040 ## - KATALOGLAMA KAYNAK
Orijinal Kataloglama Ajansı Milas
Kataloglama Dili tur
Metne Dönüştürmek Ajansı TR-AnCHP
041 ## - DİL KODU
Metin / Ses Parça Veya Ayrı Başlığın Dil Kodu tur
082 ## - DEWEY ONLU SINIFLANDIRMA NUMARASI
Sınıflandırma Numarası 338.523
Ürün Numarası T34 1986
090 ## - SINIFLAMA NUMARASI
Sınıflama Numarası 338.523 T34 1986
110 ## - ANA GİRİŞ - KURUMSAL ADI
Giriş Elemanı Olarak Kurumsal Ad Veya Yargı Alanı Adı Türkiye Yol İş Sendikası
245 ## - BAŞLIK TABLOSU
Başlık Tekelleşme ve sendikacılık
Sorumluluk Tablosu, Vb Türkiye Yol İş Sendikası
260 ## - YAYIN, DAĞITIM, VB
Yayın, Dağıtım, Vb Yeri Ankara
Yayıncı, Dağıtıcı, Vs Adı Türkiye Yol İş Sendikası
Yayın, Dağıtım, Vb Tarihi 1986
Üretici Firma Pelin Ofset
300 ## - FİZİKSEL TANIM
Kapsam 16 s.
Boyutlar 19 sm.
440 ## - SERİSİ TABLOSU / KATMA GİRİŞİ - BAŞLIK
Başlık Türkiye Yol İş Sendikası
Hacim / Ardışık Tanımı 1986/2
650 ## - KONU KATMA GİRİŞ - TOPİKAL DÖNEM
Topikal Süreli Veya Coğrafi Ad Giriş Elemanı sendikalar
Genel Alt Bölümü Tekelleşme
942 ## - EKLENDİ GİRİŞ ELEMANLARI (KOHA)
Sınıflandırma Veya Raf Düzeni Kaynak Dewey Decimal Classification
Koha Öğesi Türü Books
999 ## - SİSTEM KONTROL NUMARALARI (KOHA)
Koha Biblionumber 10453
Koha Biblioitemnumber 10453
Holdings
Kalıcı Konum Mevcut Konum Edinme Tarihi Edinim Kaynak Toplam Check-Out'Lar Tam Çağrı Numarası Barkod Tarih Son Görülme İtibaren Geçerli Fiyatlar Koha Öğesi Türü
CHP Kütüphanesi CHP Kütüphanesi 10/31/2017 Bağış   338.523 T34 1986 017536 10/31/2017 10/31/2017 Books